[Event "OSBEM A-Gruppe"]
[Site "Markdorf"]
[Date "2004.05.20"]
[Round "1"]
[White "Rothmund, Achim"]
[Black "Merk, Tobias"]
[Result "0-1"]
[WhiteElo "1856"]
[BlackElo "2055"]
[PlyCount "30"]

1. e4 e6 2. d4 d5 3. Nc3 Bb4 4. e5 c5 5. Bd2 Ne7 6. Nb5 Bxd2+ 7. Qxd2 O-O 8.
Nf3 Nd7 9. c3 f6 10. Bd3 Qb6 11. O-O c4 12. Na3 cxd3 13. Qxd3 fxe5 14. dxe5 Ng6
15. Rfe1 Qxb2 0-1

[Event "OSBEM A-Gruppe"]
[Site "Markdorf"]
[Date "2004.05.20"]
[Round "1"]
[White "Buehler, Juergen"]
[Black "Weidel, Albrecht"]
[Result "1/2-1/2"]
[WhiteElo "1941"]
[BlackElo "2160"]
[PlyCount "33"]

1. c4 c5 2. Nf3 Nc6 3. g3 g6 4. Bg2 Bg7 5. Nc3 e6 6. e3 Nge7 7. O-O O-O 8. d4
cxd4 9. exd4 d5 10. cxd5 Nxd5 11. Nxd5 exd5 12. Be3 Be6 13. Qd2 Qb6 14. Rac1
Rac8 15. Rfd1 Rfd8 16. Bg5 Re8 17. Be3 1/2-1/2

[Event "OSBEM A-Gruppe"]
[Site "Markdorf"]
[Date "2004.05.20"]
[Round "1"]
[White "Vengring, Antal"]
[Black "Kreuzahler, Marc"]
[Result "0-1"]
[WhiteElo "1794"]
[BlackElo "2042"]
[PlyCount "44"]

1. e4 Nc6 2. d4 d5 3. exd5 Qxd5 4. c3 e5 5. dxe5 Qxd1+ 6. Kxd1 Bg4+ 7. f3
O-O-O+ 8. Ke1 Bf5 9. Be3 a6 10. Nd2 Nxe5 11. Nb3 Nf6 12. Nd4 Bd3 13. Nh3 Nd5
14. Bf4 Bxf1 15. Kxf1 Nd3 16. Bc1 Bc5 17. Nc2 Rhe8 18. Rb1 Re7 19. Bg5 f6 20.
Bh4 Rde8 21. c4 Re2 22. cxd5 Rxc2 0-1

[Event "OSBEM A-Gruppe"]
[Site "Markdorf"]
[Date "2004.05.20"]
[Round "1"]
[White "Zieger, Michael"]
[Black "Wohlfahrt, Rainer"]
[Result "0-1"]
[WhiteElo "1896"]
[BlackElo "2065"]
[PlyCount "40"]

1. e4 e6 2. d4 d5 3. Nc3 Nf6 4. e5 Nfd7 5. Nce2 c5 6. c3 Nc6 7. f4 b5 8. f5
cxd4 9. cxd4 Qh4+ 10. Ng3 Qxd4 11. Nf3 Bb4+ 12. Bd2 Qxb2 13. Be2 Bxd2+ 14. Nxd2
Qxe5 15. O-O a6 16. fxe6 fxe6 17. Qc2 Nd4 18. Bh5+ Qxh5 19. Qxc8+ Rxc8 20. Nxh5
g6 0-1

[Event "OSBEM A-Gruppe"]
[Site "Markdorf"]
[Date "2004.05.20"]
[Round "1"]
[White "Namyslo, Holger"]
[Black "Ahner, Thomas"]
[Result "1/2-1/2"]
[WhiteElo "2204"]
[BlackElo "1967"]
[PlyCount "41"]

1. e4 d5 2. exd5 Qxd5 3. Nc3 Qa5 4. Bc4 c6 5. d4 Bf5 6. Nf3 Nf6 7. Bd2 e6 8.
Qe2 Bb4 9. a3 Nbd7 10. O-O-O Bxc3 11. Bxc3 Qc7 12. Ne5 Nxe5 13. dxe5 Nd5 14.
Bxd5 cxd5 15. Rd4 Qc6 16. Qd2 a5 17. g4 Bg6 18. f4 Be4 19. Rf1 h5 20. h3 hxg4
21. hxg4 1/2-1/2

[Event "OSBEM A-Gruppe"]
[Site "Markdorf"]
[Date "2004.05.20"]
[Round "1"]
[White "Herz, Thomas"]
[Black "Fichtl, Xaver"]
[Result "1-0"]
[WhiteElo "2043"]
[BlackElo "1830"]
[PlyCount "51"]

1. d4 d5 2. Nc3 f5 3. f3 e6 4. Nh3 Nc6 5. Bf4 Bd6 6. Qd2 Nf6 7. O-O-O a6 8. e4
Bxf4 9. Qxf4 fxe4 10. fxe4 O-O 11. Qe3 dxe4 12. Nxe4 Qd5 13. Nxf6+ Rxf6 14. c4
Qa5 15. a3 Bd7 16. Bd3 Ne7 17. g4 Ng6 18. Ng5 Nf8 19. Rhf1 Re8 20. Rxf6 gxf6
21. Ne4 Re7 22. Nxf6+ Kh8 23. Qh6 Rg7 24. h4 c6 25. Bxh7 Nxh7 26. Nxh7 1-0

[Event "OSBEM A-Gruppe"]
[Site "Markdorf"]
[Date "2004.05.20"]
[Round "1"]
[White "Schneider, Bruno"]
[Black "Schroeder, Johannes"]
[Result "0-1"]
[WhiteElo "1981"]
[BlackElo "2228"]
[PlyCount "40"]

1. e4 c5 2. c3 d6 3. d4 Nf6 4. dxc5 Nc6 5. cxd6 Nxe4 6. dxe7 Qxd1+ 7. Kxd1
Nxf2+ 8. Ke1 Nxh1 9. exf8=Q+ Rxf8 10. Bf4 Bf5 11. Na3 O-O-O 12. Nb5 Rfe8+ 13.
Be2 Re6 14. Rc1 Bd3 15. Nd6+ Rdxd6 16. Bxd6 Bxe2 17. Nxe2 Rxd6 18. Nf4 Rf6 19.
Nh3 Ne5 20. Ke2 Nf2 0-1

[Event "OSBEM A-Gruppe"]
[Site "Markdorf"]
[Date "2004.05.20"]
[Round "1"]
[White "Henssler, Joachim"]
[Black "Baur, Volker"]
[Result "1-0"]
[WhiteElo "2059"]
[BlackElo "1893"]
[PlyCount "46"]

1. e4 e5 2. Nf3 Nc6 3. Bc4 Bc5 4. b4 Bxb4 5. c3 Ba5 6. d4 exd4 7. O-O Nge7 8.
cxd4 Bb6 9. Ng5 Bxd4 10. Nxf7 Bxa1 11. Nxd8 Kxd8 12. Na3 Ne5 13. Be2 d6 14. f4
N5c6 15. Be3 Bc3 16. Nb5 Ba5 17. f5 Bb6 18. Bxb6 axb6 19. Nxd6 cxd6 20. Qxd6+
Ke8 21. f6 gxf6 22. Bh5+ Ng6 23. Qxf6 Nce7 1-0

[Event "OSBEM A-Gruppe"]
[Site "Markdorf"]
[Date "2004.05.20"]
[Round "1"]
[White "Bantle, Manfred"]
[Black "Muetz, Gunnar"]
[Result "0-1"]
[WhiteElo "1910"]
[BlackElo "2092"]
[PlyCount "70"]

1. d4 d5 2. Nf3 Nf6 3. e3 c6 4. Bd3 Bg4 5. Nbd2 Nbd7 6. h3 Bh5 7. g4 Bg6 8. Qe2
e6 9. b3 Qa5 10. O-O Ne4 11. Bb2 h5 12. g5 h4 13. Bxe4 dxe4 14. Ne5 Nxe5 15.
dxe5 Bh5 16. f3 exf3 17. Nxf3 O-O-O 18. Qc4 Be7 19. Qf4 Bxf3 20. Qxf3 Bxg5 21.
Rad1 f5 22. a4 Be7 23. Bd4 g5 24. c4 g4 25. hxg4 Rdg8 26. Rf2 Rxg4+ 27. Rg2
Rhg8 28. Rxg4 Rxg4+ 29. Kh1 c5 30. Bb2 Qb6 31. Rd3 Rg3 32. Qf2 Qc6+ 33. Kh2 Qe4
34. Rd1 Qxe3 35. Qf1 Rf3 0-1

[Event "OSBEM A-Gruppe"]
[Site "Markdorf"]
[Date "2004.05.20"]
[Round "1"]
[White "Laengl, Juergen"]
[Black "Sokratov, Stanislav"]
[Result "0-1"]
[WhiteElo "2158"]
[BlackElo "1925"]
[PlyCount "62"]

1. d4 Nf6 2. Nc3 d5 3. Bg5 Bg4 4. Qd3 c6 5. Nf3 e6 6. e4 dxe4 7. Nxe4 Be7 8.
Bxf6 Bxf6 9. O-O-O Na6 10. Qb3 Be7 11. Bc4 O-O 12. h3 Bf5 13. Rhe1 b5 14. Bf1
Nb4 15. a3 Nd5 16. Ne5 Qc7 17. g4 Bg6 18. Qg3 Rfc8 19. Bd3 Rab8 20. h4 c5 21.
Nxc5 Bxc5 22. dxc5 b4 23. Bxg6 hxg6 24. c6 f6 25. Nxg6 Qxc6 26. Re2 Qc4 27. Qd3
bxa3 28. Qxc4 axb2+ 29. Kb1 Rxc4 30. Rxd5 exd5 31. f3 Ra4 0-1

[Event "OSBEM A-Gruppe"]
[Site "Markdorf"]
[Date "2004.05.20"]
[Round "1"]
[White "Reimche, Vadim"]
[Black "Kraemer, Markus"]
[Result "1/2-1/2"]
[WhiteElo "2085"]
[BlackElo "1897"]
[PlyCount "122"]

1. d4 Nf6 2. c4 e5 3. dxe5 Ng4 4. Bf4 Nc6 5. Nf3 Bb4+ 6. Nbd2 Qe7 7. e3 Ngxe5
8. Be2 O-O 9. O-O d6 10. a3 Bc5 11. b4 Bb6 12. Qc2 Ng6 13. Bg3 a5 14. b5 Nce5
15. Nxe5 Nxe5 16. Nf3 Bg4 17. Nxe5 Bxe2 18. Nc6 bxc6 19. Qxe2 Qe4 20. a4 f5 21.
Bf4 Rae8 22. Qf3 h6 23. h4 Kh7 24. h5 Rf6 25. Qxe4 Rxe4 26. Rfe1 cxb5 27. axb5
g5 28. hxg6+ Rxg6 29. Kf1 h5 30. f3 Re8 31. Kf2 Reg8 32. g3 Re6 33. Rh1 Kg6 34.
Ra3 Rge8 35. Rd3 Bc5 36. Ra1 Bb6 37. Rg1 Bc5 38. Ra1 Bb6 39. Raa3 R8e7 40. Rd5
Rh7 41. Rad3 Rhe7 42. Ra3 Rh7 43. Ke2 h4 44. g4 fxg4 45. Rg5+ Kf6 46. Rxg4 h3
47. Ra1 Kf5 48. Rg5+ Kf6 49. Rg3 a4 50. Rgg1 h2 51. Rh1 Rh4 52. Kd3 Kf5 53.
Rxa4 Rxf4 54. exf4 Bg1 55. c5 dxc5 56. Ra1 Rg6 57. Ra2 Rd6+ 58. Kc3 Rb6 59. Kc4
c6 60. bxc6 Rxc6 61. Rhxh2 Bxh2 1/2-1/2

[Event "OSBEM A-Gruppe"]
[Site "Markdorf"]
[Date "2004.05.20"]
[Round "1"]
[White "Knoedler, Dieter"]
[Black "Baur, Frank"]
[Result "1-0"]
[WhiteElo "2290"]
[BlackElo "1993"]
[PlyCount "84"]

1. c4 Nf6 2. g3 g6 3. Bg2 Bg7 4. Nc3 O-O 5. e4 d6 6. Nge2 c5 7. O-O Nc6 8. d3
Bd7 9. h3 a6 10. a4 Ne8 11. Be3 Nd4 12. Rb1 Rb8 13. b4 Nxe2+ 14. Nxe2 b6 15. f4
Nc7 16. a5 bxa5 17. bxc5 Rxb1 18. Qxb1 Qb8 19. cxd6 exd6 20. Qa2 a4 21. Rb1 Qc8
22. Kh2 Ne6 23. d4 Qc7 24. f5 Nd8 25. Rf1 Re8 26. Nc3 gxf5 27. Nd5 Qc8 28. exf5
Bxf5 29. Qxa4 Bd7 30. Qb4 Nc6 31. Qxd6 Re6 32. Qf4 Qf8 33. Qh4 Rg6 34. Nb6 Be8
35. c5 a5 36. Nc4 a4 37. d5 Ne5 38. d6 a3 39. Nxa3 Bd7 40. Nc4 Nxc4 41. Qxc4
Be5 42. Bf4 Bxf4 1-0

[Event "OSBEM A-Gruppe"]
[Site "Markdorf"]
[Date "2004.05.20"]
[Round "2"]
[White "Merk, Tobias"]
[Black "Knoedler, Dieter"]
[Result "0-1"]
[WhiteElo "2055"]
[BlackElo "2290"]
[PlyCount "60"]

1. e4 e6 2. d4 d5 3. e5 c5 4. c3 Nc6 5. Nf3 Bd7 6. Be2 Nge7 7. O-O Ng6 8. g3
Be7 9. h4 cxd4 10. cxd4 O-O 11. h5 Nh8 12. Nc3 f6 13. exf6 Bxf6 14. Bf4 Nf7 15.
Qd2 h6 16. Qe3 Ng5 17. Bxg5 hxg5 18. Rad1 Qe7 19. Bd3 g4 20. Ne5 Bxe5 21. dxe5
Rf3 22. Qe2 Qg5 23. Be4 Nxe5 24. Nxd5 exd5 25. Rxd5 Re8 26. Bxf3 gxf3 27. Qd1
Qg4 28. Qb3 Be6 29. Rxe5 Bxb3 30. Rxe8+ Kf7 0-1

[Event "OSBEM A-Gruppe"]
[Site "Markdorf"]
[Date "2004.05.20"]
[Round "2"]
[White "Schroeder, Johannes"]
[Black "Henssler, Joachim"]
[Result "1-0"]
[WhiteElo "2228"]
[BlackElo "2059"]
[PlyCount "81"]

1. d4 Nf6 2. c4 g6 3. g3 Bg7 4. Bg2 O-O 5. Nf3 d6 6. O-O Nbd7 7. Nc3 e5 8. e4
Re8 9. Re1 a6 10. h3 exd4 11. Nxd4 c5 12. Nc2 Nb6 13. b3 Ng4 14. Bb2 Ne5 15.
Rb1 Be6 16. Ne3 Qd7 17. Kh2 Rad8 18. Qc2 Nc6 19. Ne2 Nd4 20. Nxd4 cxd4 21. Nf1
f5 22. Qd2 fxe4 23. Bxd4 Nc8 24. Bxg7 Qxg7 25. Rxe4 Bf5 26. Rxe8+ Rxe8 27. Re1
Rxe1 28. Qxe1 Kf8 29. Qd2 Be6 30. Qf4+ Kg8 31. Ne3 b6 32. Qe4 Qf7 33. f4 Kg7
34. Qd4+ Kg8 35. a4 Kf8 36. Qh8+ Ke7 37. Nd5+ Kd7 38. Nf6+ Ke7 39. Nxh7 Qf5 40.
Ng5 Kd7 41. Be4 1-0

[Event "OSBEM A-Gruppe"]
[Site "Markdorf"]
[Date "2004.05.20"]
[Round "2"]
[White "Muetz, Gunnar"]
[Black "Herz, Thomas"]
[Result "1/2-1/2"]
[WhiteElo "2092"]
[BlackElo "2043"]
[PlyCount "112"]

1. e4 e6 2. d4 d5 3. Nc3 Nf6 4. e5 Nfd7 5. f4 a6 6. Nf3 c5 7. Be3 Nc6 8. Qd2 b5
9. g3 Qb6 10. dxc5 Bxc5 11. Bxc5 Qxc5 12. Bd3 Nb6 13. Qf2 Qxf2+ 14. Kxf2 O-O
15. Ne2 f6 16. exf6 gxf6 17. c3 e5 18. Bc2 Ra7 19. Rhd1 Bg4 20. Bb3 Rd7 21. Rd2
Re8 22. Kg2 Na5 23. h3 Bxf3+ 24. Kxf3 e4+ 25. Kg2 Nac4 26. Bxc4 Nxc4 27. Rd4
Nxb2 28. g4 Kf7 29. f5 Nd3 30. Kg3 Rc8 31. Rb1 Ke7 32. a4 Rc5 33. axb5 Rxb5 34.
Ra1 Rb2 35. Nf4 Nxf4 36. Kxf4 Rf2+ 37. Kg3 Rf3+ 38. Kg2 Rxc3 39. Rxa6 Rb7 40.
Rd2 e3 41. Re6+ Kf7 42. Rxd5 Re7 43. Rxe7+ Kxe7 44. Rd4 Kf7 45. h4 h5 46. g5
fxg5 47. hxg5 Rc5 48. Rf4 Re5 49. Kf1 h4 50. Ke2 h3 51. g6+ Kf6 52. Rg4 h2 53.
Rh4 Rxf5 54. Rxh2 Rf2+ 55. Rxf2+ exf2 56. Kxf2 Kxg6 1/2-1/2

[Event "OSBEM A-Gruppe"]
[Site "Markdorf"]
[Date "2004.05.20"]
[Round "2"]
[White "Wohlfahrt, Rainer"]
[Black "Kreuzahler, Marc"]
[Result "1-0"]
[WhiteElo "2065"]
[BlackElo "2042"]
[PlyCount "45"]

1. d4 Nc6 2. Nf3 d5 3. Bf4 Bg4 4. e3 e6 5. c4 Bb4+ 6. Nc3 Nf6 7. a3 Bxc3+ 8.
bxc3 Nh5 9. cxd5 exd5 10. Bg3 Nxg3 11. hxg3 Ne7 12. Qb1 Qc8 13. Rxh7 Rxh7 14.
Qxh7 Qf5 15. Qh8+ Kd7 16. Qxa8 Qc2 17. Bb5+ c6 18. Qxb7+ Ke6 19. Kf1 Qxc3 20.
Re1 cxb5 21. e4 Kd6 22. e5+ Ke6 23. Ng5+ 1-0

[Event "OSBEM A-Gruppe"]
[Site "Markdorf"]
[Date "2004.05.20"]
[Round "2"]
[White "Sokratov, Stanislav"]
[Black "Namyslow, Holger"]
[Result "0-1"]
[WhiteElo "1925"]
[BlackElo "2204"]
[PlyCount "86"]

1. d4 d5 2. c4 e6 3. g3 Nf6 4. Bg2 Be7 5. Nf3 O-O 6. O-O dxc4 7. Qc2 a6 8. a4
Bd7 9. Ne5 Bc6 10. Nxc6 Nxc6 11. Bxc6 bxc6 12. Qxc4 Qd5 13. Qxd5 cxd5 14. Bf4
c5 15. dxc5 Bxc5 16. Nd2 Bd4 17. Rab1 e5 18. Nf3 Bxf2+ 19. Kxf2 exf4 20. gxf4
Rab8 21. b4 Ne4+ 22. Ke3 Nc3 23. Rb3 Nxa4 24. Kd4 Rfc8 25. Ne5 f6 26. Nd7 Rb5
27. Rfb1 Rc4+ 28. Ke3 Kf7 29. Nc5 Nxc5 30. bxc5 Rcxc5 31. f5 d4+ 32. Kxd4 Rxf5
33. Rxb5 Rxb5 34. Rc1 Rh5 35. Rc7+ Kg6 36. Ra7 Rxh2 37. Kd3 Rh3+ 38. e3 h5 39.
Rxa6 h4 40. Ra4 Kg5 41. Ke2 Rg3 42. Kf2 Rg4 43. Ra5+ f5 0-1

[Event "OSBEM A-Gruppe"]
[Site "Markdorf"]
[Date "2004.05.20"]
[Round "2"]
[White "Ahner, Thomas"]
[Black "Reimche, Vadim"]
[Result "0-1"]
[WhiteElo "1967"]
[BlackElo "2085"]
[PlyCount "64"]

1. e4 c5 2. Nf3 Nc6 3. d3 Nf6 4. g3 d5 5. Nbd2 g6 6. Bg2 Bg7 7. O-O O-O 8. c3
e5 9. Qc2 Rb8 10. Rb1 b5 11. b4 dxe4 12. dxe4 Qe7 13. bxc5 Qxc5 14. Nb3 Qe7 15.
Be3 Be6 16. Nfd2 Rfc8 17. Qb2 Nd7 18. Ra1 a5 19. a4 bxa4 20. Rxa4 Nb6 21. Nxa5
Nxa4 22. Nxc6 Qc7 23. Qxb8 Rxb8 24. Nxb8 Qxb8 25. c4 Bf8 26. Rb1 Qc7 27. Bf1
Kg7 28. Rb5 Bc5 29. Bxc5 Nxc5 30. f3 Qd6 31. Nb1 Qd4+ 32. Kh1 Qf2 0-1

[Event "OSBEM A-Gruppe"]
[Site "Markdorf"]
[Date "2004.05.20"]
[Round "2"]
[White "Kraemer, Markus"]
[Black "Buehler, Juergen"]
[Result "0-1"]
[WhiteElo "1897"]
[BlackElo "1941"]
[PlyCount "80"]

1. Nc3 c5 2. Nf3 Nc6 3. d4 d5 4. dxc5 e6 5. Bf4 Bxc5 6. e3 Nf6 7. Be2 O-O 8.
O-O Bd7 9. Nb5 a6 10. Nbd4 Rc8 11. c3 Ne4 12. Bd3 b5 13. Rc1 Be7 14. Qc2 Nb4
15. Qe2 Nxd3 16. Qxd3 f6 17. Ne2 Qb6 18. h3 Bc6 19. Nfd4 Bb7 20. Bh2 Rfd8 21.
Ng3 Nc5 22. Qe2 Bf8 23. Rfd1 Rd7 24. Rc2 Rcd8 25. Rcd2 b4 26. cxb4 Qxb4 27. Rc2
e5 28. a3 Qb6 29. Nf3 a5 30. Rc3 Ba6 31. Qd2 d4 32. exd4 exd4 33. Rc2 Nb3 34.
Qf4 Bc5 35. Ne4 d3 36. Rc3 Bd4 37. Nxd4 Nxd4 38. Ng3 Ne2+ 39. Nxe2 dxe2 40. Re1
Rd1 0-1

[Event "OSBEM A-Gruppe"]
[Site "Markdorf"]
[Date "2004.05.20"]
[Round "2"]
[White "Weidel, Albrecht"]
[Black "Laengl, Juergen"]
[Result "0-1"]
[WhiteElo "2160"]
[BlackElo "2158"]
[PlyCount "112"]

1. d4 d5 2. c4 e6 3. Nc3 Nf6 4. cxd5 exd5 5. Bg5 c6 6. e3 Be7 7. Bd3 Nbd7 8.
Qc2 O-O 9. Nf3 Re8 10. O-O Nf8 11. h3 Ng6 12. Ne5 Nd7 13. Bxe7 Qxe7 14. Nxg6
hxg6 15. Rfe1 Nf6 16. f3 Be6 17. Rad1 Rad8 18. a3 Nh5 19. g4 Nf6 20. Qh2 Nd7
21. h4 g5 22. h5 Nf6 23. Qe5 Qd6 24. Qxd6 Rxd6 25. Kf2 Rd7 26. Rg1 Rde7 27.
Rde1 Nd7 28. Ne2 Nb6 29. b3 Nc8 30. Nc3 Nd6 31. b4 a5 32. b5 Rc8 33. Rc1 Rec7
34. b6 Re7 35. Na4 Rce8 36. Rge1 f5 37. Nc5 fxg4 38. Nxe6 Rxe6 39. fxg4 Rf6+
40. Ke2 Ne4 41. Bxe4 Rxe4 42. Rf1 Rfe6 43. Rf3 Rxd4 44. Rcf1 Rde4 45. Rf5 R6e5
46. Rxe5 Rxe5 47. Kd3 Re4 48. Rf3 Ra4 49. Rf5 Rxa3+ 50. Kd4 Rb3 51. Rxg5 Kh7
52. Kc5 Rb5+ 53. Kd6 Rxb6 54. Rf5 a4 55. g5 a3 56. Rf8 a2 0-1

[Event "OSBEM A-Gruppe"]
[Site "Markdorf"]
[Date "2004.05.20"]
[Round "2"]
[White "Baur, Frank"]
[Black "Rothmund, Achim"]
[Result "1-0"]
[WhiteElo "1993"]
[BlackElo "1856"]
[PlyCount "79"]

1. e4 e6 2. d3 d5 3. Nd2 c5 4. Ngf3 Nc6 5. g3 Bd6 6. Bg2 Nge7 7. O-O Qc7 8. b3
Bd7 9. Bb2 f6 10. Nh4 O-O-O 11. f4 d4 12. Nc4 e5 13. Qf3 Be6 14. Rf2 Kb8 15.
Raf1 exf4 16. gxf4 g5 17. Nxd6 Qxd6 18. e5 fxe5 19. fxg5 Nd5 20. Bc1 Nc3 21. a3
Qd7 22. Qg3 Bg4 23. Nf3 Rhe8 24. h3 Bh5 25. Re1 Ka8 26. Qh4 Bg6 27. Nd2 Bf5 28.
Ref1 Bg6 29. Ne4 Nxe4 30. Bxe4 Bxe4 31. Qxe4 Qxh3 32. Rf3 Qd7 33. Kg2 Re7 34.
Kf2 a6 35. Ke2 Ka7 36. Bd2 Rg7 37. Kd1 Rdg8 38. Rf6 Nd8 39. Qxe5 Nc6 40. Qxc5+
1-0

[Event "OSBEM A-Gruppe"]
[Site "Markdorf"]
[Date "2004.05.20"]
[Round "2"]
[White "Baur, Volker"]
[Black "Schneider, Bruno"]
[Result "1-0"]
[WhiteElo "1893"]
[BlackElo "1981"]
[PlyCount "93"]

1. d4 f5 2. Nc3 Nf6 3. Bg5 b6 4. Bxf6 exf6 5. e3 Bb7 6. Nge2 g6 7. Qd2 Bh6 8.
h4 Nc6 9. O-O-O d5 10. Nf4 Bxf4 11. exf4 Kf7 12. Re1 Qd7 13. h5 Kg7 14. Be2 Na5
15. Rh3 Nc4 16. Bxc4 dxc4 17. h6+ Kf7 18. Qe2 Rhe8 19. Qxc4+ Bd5 20. Rxe8 Bxc4
21. Rxa8 Qxd4 22. Rh8 Qxf4+ 23. Kb1 Qxf2 24. Rxh7+ Kg8 25. Rd7 Qe1+ 26. Nd1 Qe8
27. Rxc7 Be6 28. Rxa7 f4 29. Rha3 Bd5 30. Rg7+ Kh8 31. Raa7 Bg8 32. Rae7 Qa8
33. a3 Qd5 34. Rd7 Qa8 35. Rge7 Qxg2 36. h7 Bxh7 37. Rxh7+ Kg8 38. Rhe7 Qa8 39.
Rg7+ Kf8 40. Rh7 Kg8 41. Rdg7+ Kf8 42. Rh8+ Kxg7 43. Rxa8 g5 44. Nf2 f5 45. Kc1
f3 46. Kd2 g4 47. Nxg4 1-0

[Event "OSBEM A-Gruppe"]
[Site "Markdorf"]
[Date "2004.05.20"]
[Round "2"]
[White "Fichtl, Xaver"]
[Black "Bantle, Manfred"]
[Result "1/2-1/2"]
[WhiteElo "1830"]
[BlackElo "1910"]
[PlyCount "97"]

1. e4 c5 2. c4 d6 3. Nc3 g6 4. d3 Bg7 5. Bd2 Nc6 6. Nf3 Nf6 7. Be2 O-O 8. h3
Ne8 9. g4 a6 10. Qc1 Bd7 11. Bh6 Qa5 12. Qd2 b5 13. Bxg7 Kxg7 14. Nd5 Qxd2+ 15.
Kxd2 bxc4 16. dxc4 Rb8 17. b3 a5 18. Bd3 e6 19. Nc3 Nb4 20. Ne1 Bc6 21. f4 Nc7
22. Rg1 d5 23. g5 Rfd8 24. Ke2 d4 25. Nb1 a4 26. Nd2 Nca6 27. bxa4 Bxa4 28. a3
Nxd3 29. Kxd3 Rb2 30. Rg3 Rdb8 31. Rf3 f5 32. gxf6+ Kxf6 33. h4 Bc6 34. Rf1 Ba4
35. Rh1 Bb3 36. h5 Bxc4+ 37. Kxc4 Rxd2 38. hxg6 hxg6 39. f5 exf5 40. exf5 Kxf5
41. Rh7 Re2 42. Ra7 Rb6 43. Nd3 g5 44. Kd5 Rbe6 45. Rg1 Kf6 46. Rh7 R2e5+ 47.
Nxe5 Rxe5+ 48. Kc4 Kf5 49. Rf7+ 1/2-1/2

[Event "OSBEM A-Gruppe"]
[Site "Markdorf"]
[Date "2004.05.20"]
[Round "2"]
[White "Vengring, Antal"]
[Black "Zieger, Michael"]
[Result "1-0"]
[WhiteElo "1794"]
[BlackElo "1896"]
[PlyCount "107"]

1. e4 d5 2. exd5 Qxd5 3. Nc3 Qa5 4. Nf3 Nf6 5. Be2 c6 6. O-O Bf5 7. d3 Nbd7 8.
h3 h6 9. Bd2 Qc7 10. Re1 g5 11. Nh2 e5 12. Bg4 Bg6 13. Ne2 Nxg4 14. hxg4 O-O-O
15. Ng3 Bd6 16. Nhf1 f6 17. b4 Rh7 18. a4 Rdh8 19. Nh5 Rf8 20. Qe2 f5 21. gxf5
Bxf5 22. Nfg3 Bg6 23. Ne4 Rhf7 24. Rf1 Be7 25. c4 Qd8 26. Rac1 Rg8 27. c5 g4
28. Nhg3 h5 29. b5 Nb8 30. Be3 h4 31. Qxg4+ Bf5 32. Qh5 Bg6 33. Qg4+ Bf5 34.
Qh5 Qf8 35. Bh6 Bg4 36. Bxf8 Bxh5 37. Bxe7 hxg3 38. Nd6+ Kd7 39. Nxf7 Bxf7 40.
Bd6 Ke6 41. Bxb8 Rxb8 42. fxg3 Bg6 43. Rf3 Rd8 44. Rc3 Rd4 45. a5 Rb4 46. b6 a6
47. Rf8 Rd4 48. Rc8 Bxd3 49. Rc7 Bg6 50. Rxb7 Rb4 51. Rc7 Be4 52. b7 Bd5 53. g4
Kf6 54. Rf3+ 1-0

[Event "OSBEM A-Gruppe"]
[Site "Markdorf"]
[Date "2004.05.21"]
[Round "3"]
[White "Knoedler, Dieter"]
[Black "Schroeder, Johannes"]
[Result "1/2-1/2"]
[WhiteElo "2290"]
[BlackElo "2228"]
[PlyCount "23"]

1. c4 Nf6 2. g3 g6 3. Bg2 Bg7 4. Nc3 O-O 5. Nf3 d6 6. O-O e5 7. d3 Nc6 8. Rb1
a5 9. a3 Nd4 10. b4 axb4 11. axb4 Re8 12. b5 1/2-1/2

[Event "OSBEM A-Gruppe"]
[Site "Markdorf"]
[Date "2004.05.21"]
[Round "3"]
[White "Reimche, Vadim"]
[Black "Wohlfahrt, Rainer"]
[Result "0-1"]
[WhiteElo "2085"]
[BlackElo "2065"]
[PlyCount "90"]

1. d4 e6 2. c4 b6 3. e4 Bb7 4. Nc3 Bb4 5. Bd3 f5 6. d5 fxe4 7. Bxe4 Nf6 8. Bf3
Bxc3+ 9. bxc3 e5 10. Nh3 O-O 11. O-O h6 12. Re1 d6 13. Bg4 Bc8 14. Bxc8 Qxc8
15. f4 Nbd7 16. Re3 Qa6 17. Rg3 Qxc4 18. fxe5 Nh5 19. Rg4 Qc5+ 20. Kh1 Nxe5 21.
Rh4 Nf6 22. Bxh6 Qxd5 23. Rd4 Qc6 24. Qb3+ d5 25. Bg5 Ned7 26. Nf4 Nc5 27. Qc2
Ne6 28. Nxe6 Qxe6 29. Qg6 Rae8 30. Rf1 Qf7 31. Qc2 Nh5 32. Bf4 Nxf4 33. g3 Qg6
34. Qb3 Ne6 35. Rxf8+ Rxf8 36. Qxd5 Qb1+ 37. Rd1 Rf1+ 38. Kg2 Qxd1 39. Qxe6+
Rf7 40. Qe8+ Rf8 41. Qe6+ Kh7 42. Qh3+ Kg6 43. Qe6+ Rf6 44. Qe8+ Kh7 45. Qe4+
Kh6 0-1

[Event "OSBEM A-Gruppe"]
[Site "Markdorf"]
[Date "2004.05.21"]
[Round "3"]
[White "Namyslo, Holger"]
[Black "Herz, Thomas"]
[Result "1-0"]
[WhiteElo "2204"]
[BlackElo "2043"]
[PlyCount "59"]

1. e4 c5 2. Nf3 d6 3. d4 cxd4 4. Nxd4 Nf6 5. Nc3 Nc6 6. Be2 e5 7. Nf3 h6 8. O-O
Be7 9. Re1 O-O 10. h3 a6 11. a4 a5 12. Bf1 Nb4 13. Nb5 Be6 14. c3 Na6 15. b3
Ne8 16. Ba3 f5 17. exf5 Rxf5 18. Bd3 Rf6 19. Be4 Rb8 20. c4 Bf7 21. Ra2 Kf8 22.
Rd2 Qb6 23. Bd5 Bxd5 24. Rxd5 Rc8 25. Qe2 Nac7 26. c5 Qc6 27. Rxd6 Bxd6 28.
cxd6 Nxb5 29. axb5 Qc3 30. d7+ 1-0

[Event "OSBEM A-Gruppe"]
[Site "Markdorf"]
[Date "2004.05.21"]
[Round "3"]
[White "Buehler, Juergen"]
[Black "Muetz, Gunnar"]
[Result "0-1"]
[WhiteElo "1941"]
[BlackElo "2092"]
[PlyCount "68"]

1. c4 c6 2. Nf3 d5 3. cxd5 cxd5 4. d4 Nc6 5. Nc3 Nf6 6. Bg5 Ne4 7. e3 Qa5 8.
Qb3 e6 9. Bd3 Bd6 10. O-O f5 11. Nb5 Bb8 12. Rac1 O-O 13. Rfd1 Bd7 14. Nc3 Nxg5
15. Nxg5 Qd8 16. f4 h6 17. Nf3 b6 18. Nxd5 Na5 19. Qa3 exd5 20. Ne5 Bxe5 21.
dxe5 Be6 22. Ba6 Rb8 23. b4 Qe7 24. Qa4 Nc4 25. Bxc4 dxc4 26. Rd6 Rfd8 27. Qc6
Rxd6 28. exd6 Qd7 29. Rxc4 Rc8 30. Qxd7 Bxd7 31. Rd4 Kf7 32. g4 g6 33. Kg2 Ke6
34. Kg3 Rc3 0-1

[Event "OSBEM A-Gruppe"]
[Site "Markdorf"]
[Date "2004.05.21"]
[Round "3"]
[White "Laengl, Juergen"]
[Black "Baur, Frank"]
[Result "1/2-1/2"]
[WhiteElo "2158"]
[BlackElo "1993"]
[PlyCount "80"]

1. d4 Nf6 2. Nc3 c5 3. d5 d6 4. e4 g6 5. f4 Bg7 6. Bb5+ Kf8 7. a4 Bg4 8. Be2
Bxe2 9. Qxe2 Na6 10. Nf3 Nc7 11. O-O Kg8 12. Be3 a6 13. a5 h6 14. Bd2 Kh7 15.
Na4 Re8 16. c4 e6 17. Qd3 exd5 18. exd5 Ne4 19. f5 Nxd2 20. Nxd2 Qe7 21. Ra3
Bd4+ 22. Kh1 Kg7 23. Rb3 Rab8 24. Qf3 Rf8 25. Ne4 Ne8 26. Rb6 Be5 27. Naxc5
dxc5 28. f6+ Nxf6 29. Nxf6 Bc7 30. Rb3 Bxa5 31. Re3 Qd8 32. d6 Bd2 33. Re7 Qxd6
34. Nd5 Bg5 35. Qc3+ Kg8 36. Rf6 Bxf6 37. Nxf6+ Kh8 38. Nd5+ Kg8 39. Nf6+ Kh8
40. Nd5+ Kg8 1/2-1/2

[Event "OSBEM A-Gruppe"]
[Site "Markdorf"]
[Date "2004.05.21"]
[Round "3"]
[White "Henssler, Joachim"]
[Black "Sokratov, Stanislav"]
[Result "1/2-1/2"]
[WhiteElo "2059"]
[BlackElo "1925"]
[PlyCount "55"]

1. e4 c5 2. Nc3 Nc6 3. f4 e6 4. Nf3 Nge7 5. d4 cxd4 6. Nxd4 Nxd4 7. Qxd4 Nc6 8.
Qf2 Bb4 9. Bd2 O-O 10. O-O-O d5 11. Be1 d4 12. Bc4 Qb6 13. Na4 Qa5 14. Bb3 b5
15. Nc5 Bxe1 16. Rhxe1 Qb6 17. Nd3 a5 18. a3 Rd8 19. f5 a4 20. Ba2 b4 21. f6
Kh8 22. fxg7+ Kg8 23. Rf1 Ra7 24. Qh4 b3 25. Bb1 Ne7 26. Ne5 bxc2 27. Bxc2 Rb7
28. Rd3 1/2-1/2

[Event "OSBEM A-Gruppe"]
[Site "Markdorf"]
[Date "2004.05.21"]
[Round "3"]
[White "Merk, Tobias"]
[Black "Vengring, Antal"]
[Result "1-0"]
[WhiteElo "2055"]
[BlackElo "1794"]
[PlyCount "87"]

1. e4 e6 2. d4 d5 3. Nc3 Bb4 4. e5 c5 5. a3 Bxc3+ 6. bxc3 Qc7 7. Nf3 Nc6 8. Bd3
Nge7 9. O-O Bd7 10. Re1 b6 11. a4 cxd4 12. Nxd4 Nxd4 13. cxd4 Qc3 14. Be3 O-O
15. Qh5 Ng6 16. Red1 a6 17. Qe2 Rfc8 18. g3 Rab8 19. h4 b5 20. h5 Nf8 21. Qg4
Qb4 22. Bh6 Ng6 23. hxg6 gxh6 24. gxf7+ Kh8 25. Qh4 Qf8 26. Qf6+ Qg7 27. Qe7
Rd8 28. axb5 Qf8 29. Qxf8+ Rxf8 30. bxa6 Rxf7 31. Rdb1 Ra8 32. Rb7 Kg7 33. Rab1
Bc8 34. Rb8 Rfa7 35. Rxa8 Rxa8 36. Rb6 Kf7 37. f4 Ke7 38. Bb5 Ra7 39. Kf2 Kd8
40. Rd6+ Kc7 41. f5 exf5 42. Rxh6 Kd8 43. c4 dxc4 44. Bxc4 1-0